000 02386ngm a2200433 4500
003 dpl
005 2008112003073.0
007 DVD
008 ||||||sp199 xxu|||||c ||| 00| 0 ng d
010 _aDVD-001247-1249 & DVD-004558-4560
024 _aSHE DVD 203
_c169.00
035 _aDVD-001247-1249
035 _aDVD-004558-4560
040 _aDPL
_cDPL
082 _aDVD / DOBI
245 _aDo Bigha Zamin
_cBomal Roy Production Presents
_h[videorecording] DVD/
260 _bShemaroo Video Pvt. Ltd.
300 _a1 videodisc DVD; (119 min.) :
_bsd., col. ;
_c4 3/4 in.
_fDVD
440 _aShemaroo Home Entertainment
500 _aDigitally Re-Mastered From the Original Film
500 _aInteractive Menus of Songs and Scenes for Easy Access
538 _aDolby Digital 5.1 - Hindi Subtitles: English
650 _aMotion Picture
700 _aRoy, Bimal
700 _aChaudhary, Salil
700 _aSahni, Balraj
700 _aRoy, Nirupa
700 _aRatan Kumar
700 _aMurad
942 _cCF
_2ddc
_hDVD
_mDOBI
999 _c18867
_d18867